| 000 | 01940cam a22003258i 4500 | ||
|---|---|---|---|
| 001 | on1272883680 | ||
| 003 | TZ-ArACH | ||
| 005 | 20240829093751.0 | ||
| 008 | 211001t20212021nyua e b 001 0 eng d | ||
| 020 |
_a9780982456064 _q(paperback) |
||
| 020 |
_a0982456069 _q(paperback) |
||
| 029 | 1 |
_aAU@ _b000070457267 |
|
| 035 | _a(OCoLC)1272883680 | ||
| 040 |
_aDAD _beng _erda _cTZ-ArACH |
||
| 049 | _aTZAA | ||
| 050 | 4 |
_aRA644 _b.B74 2021 |
|
| 100 | 1 |
_aBreggin, Peter Roger, _d1936- _eauthor. |
|
| 245 | 1 | 0 |
_aCovid-19 and the global predators : _bwe are the prey / _cPeter R Breggin, MD, Ginger Ross Breggin. |
| 260 |
_aNew York: _bLake Edge Press; _c2021. |
||
| 300 |
_axxvi, 651 pages : _billustrations ; _c24 cm. |
||
| 504 | _aIncludes bibliographical references (pages 549-611) and index. | ||
| 520 | _aCOVID-19 and the Global Predators is much more than an analysis of the current exploitation of humanity under cover of the SARS-CoV-2 pandemic. It discloses for the first time the actual blueprint and master plan that was ten years in the making by global predators before the pandemic: a plan to reorganize the world in the name of public health. Billionaires, government agencies, giant funds, and major industries collaborated years ahead of time to lay the groundwork for what would become Operation Warp Speed and the Great Reset in 2020. All this is disclosed, individuals and groups are named, and their plans for the future are documented. The book concludes with chapters on what America and the world must do in the coming weeks and months to save humanity's freedoms"-- | ||
| 650 | 0 |
_aCOVID-19 (Disease) _xPolitical aspects. |
|
| 650 | 0 |
_aCOVID-19 Pandemic, 2020- _xPolitical aspects. |
|
| 650 | 6 |
_aCOVID-19 _xAspect politique. |
|
| 650 | 6 |
_aPand�emie de COVID-19, 2020- _xAspect politique. |
|
| 650 | 7 |
_aCOVID-19 (Disease) _xPolitical aspects. _2fast |
|
| 700 | 1 |
_aBreggin, Ginger Ross, _eauthor. |
|
| 942 |
_2lcc _cBOOK |
||
| 999 |
_c6952 _d6952 |
||